[Event "SUI-chT"]
[Site "Switzerland"]
[Date "2013.06.23"]
[Round "5.2"]
[White "Prusikin, Michael"]
[Black "Hickl, Joerg"]
[Result "1-0"]
[WhiteElo "2546"]
[BlackElo "2577"]
[Annotator "Prusikin,M"]
[PlyCount "63"]
[EventDate "2013.03.17"]
[EventType "team-tourn"]
[EventRounds "9"]
[EventCountry "SUI"]
[SourceTitle "EXT 2014"]
[Source "ChessBase"]
[SourceDate "2013.11.20"]
[SourceVersion "1"]
[SourceVersionDate "2013.11.20"]
[SourceQuality "1"]
[WhiteTeam "Wollishofen"]
[BlackTeam "Riehen"]
[WhiteTeamCountry "SUI"]
[BlackTeamCountry "SUI"]

1. e4 d6 2. d4 Nf6 3. Nc3 e5 4. Nf3 exd4 5. Nxd4 Be7 {Dieser Variante bleibt J;
rg nicht nur seit Jahren treu, er arbeitet auch noch an einem Buch dar[ber.} 6.
g3 {Aus meiner Sicht am logischsten: das strategische Konzept von Schwarz
besteht darin, den Bauern e4 zu belagern, also kümmert Weiß sich vorsorglich
darum.} O-O ({Der konkrete Versuch} 6... d5 7. e5 Ng4 8. Bg2 $1 {verspricht
keinen Ausgleich, z.B.} Nxe5 9. Qe2 Nec6 10. Be3 Nxd4 11. Bxd4 O-O 12. Nxd5 $14
{wie 2009 in der Partie C. Lutz gegen J. Hickl geschah}) (6... Nc6 7. Nxc6 bxc6
8. Bg2 O-O 9. O-O Rb8 10. b3 Nd7 11. Bb2 Bf6 12. f4 c5 13. e5 $1 dxe5 14. Ne4
exf4 15. Nxf6+ Nxf6 16. Rxf4 {Klek-Zude (LGA-Cup 2013) ist ebenfalls wenig
attraktiv für Schwarz}) 7. Bg2 Re8 8. O-O Bf8 9. b3 {Erschien mir wiederum am
logischsten: auf f4 hat dieser Läufer nichts verloren, auf e3 wärde er die
e-Linie verstellen und damit die Deckung des Bauern e4 erschweren.} Nbd7 10.
Bb2 Nc5 11. Re1 a5 12. a4 c6 13. Qd2 Qb6 14. Rad1 Bg4 {Naheliegend, aber
vielleicht nicht gut: f2-f3 könnte Weiß ganz gut in den Kram passen.} (14...
Bd7 $5) 15. f3 Bd7 16. Kh1 Rad8 ({Das prophylaktische} 16... h5 {verhindert
die weiße Expansion mit g3-g4, die Medizin ist aber womöglich schlimmer, als
die Krankheit:} 17. Nde2 $1 Ne6 $1 {18. Sf4 muss verhindert werden} (17... Rad8
18. Nf4 $16) 18. Nc1 $5 Rad8 19. N3e2 Be7 20. Nd4 Nxd4 21. Bxd4 Qc7 22. Nd3 $16
) 17. g4 $1 $146 {Natürlich waren wir beide längst aus dem Buch, "offiziell"
stellt aber erst der Textzug eine Neuerung dar - und eine gute noch dazu!} Qc7
18. Nde2 $6 {Mit der Idee den Lb2 zu demaskieren und gelichzeitig mit Sg3/f4
g4-g5 vorzubereiten, aber Jörg weist gekommt nach, dass der Zug zu langsam ist}
(18. Qf4 $5 {Hickl} Ne6 19. Nxe6 fxe6 (19... Bxe6 20. Ne2 $1 Nd7 21. Nd4 $14)
20. g5 Nh5 21. Qh4 g6 22. f4 Bg7 23. Bf3 Rf8 24. Bxh5 gxh5 25. Qxh5 Be8 (25...
Rxf4 26. g6 $40) 26. Qg4 Qf7 27. Rf1 c5 {ist am Brett zugegebenermaßen nicht
leicht zu finden und noch schwieriger einzuschätzen, aber auch das naheliegende
}) (18. Nf5 $5 {war deutlich vorzuziehen}) 18... d5 $1 {Ups! Den glaubte ich
verhindert zu haben.} 19. exd5 (19. g5 Nh5 ({auch über} 19... dxe4 20. gxf6
exf3 21. Bxf3 Bg4 22. Bxg4 Rxd2 23. Rxd2 Qe5 {habe ich mir während der Partie
den Kopf zerbrochen, natürlich ohne das zu gunsten von Weiß klärende} 24. Rf1
$1 (24. fxg7 $6 Bd6 $1 25. Rxd6 Qxd6 $13) 24... Qg5 (24... g6 25. Ng3 $14) 25.
Rd4 $16 {entdeckt zu haben}) 20. exd5 Be6 $11) 19... Bc8 (19... Nxd5 $5 20.
Nxd5 cxd5 21. Nd4 (21. Nf4 Rxe1+ 22. Rxe1 d4 $1 23. Qxd4 Bxa4 24. Nd5 Qd6 25.
Ne7+ Qxe7 26. Rxe7 Rxd4 27. Bxd4 Bxe7 28. Bxc5 Bxc5 29. bxa4 $11) 21... Ne6 22.
Nxe6 Bxe6 23. Bf1 $11) 20. Nf4 Ne6 $6 (20... Rxe1+ 21. Rxe1 h6 $1 $11 (21...
Bd6 22. Nh5 (22. Bc1 $1) 22... Nxh5 23. gxh5 Bxh2 24. Qd4 Qg3 25. Re2 $18) (
21... Ne6 22. Nd3 Nxd5 23. Nxd5 Rxd5 24. f4 Rd8 25. Qf2 $14)) 21. Nh5 $6 {
Mit dem Gaul auf h5 sind bei mir einige gute Erinnerungen verknüpft, aber hier
ist der Zug deutlich zu optimistisch. Wie Jörg, der überhaupt über weite
Strecken mehr gesehen hat, als ich, richtig anmerkte, versprach Weiß} (21. Nd3
$1 Nxd5 22. Nxd5 cxd5 (22... Rxd5 $2 23. f4 Rdd8 24. f5 Nc5 25. Rxe8 Rxe8 26.
Nxc5 Bxc5 27. Qg5 $18) 23. f4 {ein stabiles Plus}) 21... Nxd5 (21... Nxh5 $5
22. gxh5 {sieht nach menschlichen Ermessen recht gefährlich für Schwarz aus,
Houdini hingegen macht aus noch mit} Bb4 $5 23. h6 cxd5 {weiter und wehrt 
(natürlich!) all meine Angriffsversuche mühelos ab.}) 22. Ne4 $1 {Die einzig
konsequente Folge des vorausgegangenen Spiels.} Kh8 {Wieder eine solide
menschliche Wahl.} (22... Bb4 $2 {ist zu gierig:} 23. Qf2 $1 (23. c3 {aber
natürlich nicht} Be7 $17) 23... Bxe1 24. Rxe1 f6 (24... Kh8 25. Qh4 $18) 25. c4
(25. Bf1 $5) 25... Ndf4 26. Nexf6+ gxf6 27. Nxf6+ Kf8 (27... Kf7) 28. Qh4 h5
29. Bf1 $1 {Hand hoch, wer hier auf der schwarzen Seite sitzen möchte.}) ({
aber mit} 22... Nef4 $1 {war mein viel zu gradliniges Angriffsspiel in Frage
zu stellen:} 23. Bf6 $5 Rd7 $1 24. Bxg7 $5 Bxg7 25. Qxf4 Qxf4 26. Nxf4 Nxf4 27.
Nf6+ Bxf6 28. Rxe8+ Kg7 29. Rxd7 Bxd7 30. Rb8 b5 {und die weiße Opferorgie
endet in einem trostlosen Kampf ums Überleben}) 23. Ng5 $2 {Der Höhepunkt des
Kampfes. Ob sie es glauben oder nicht: mit 23. Sg5!!?? machte ich bewusst
einen schlechten Zug. Ich konnte tatsächlich nicht widerstehen, (auf Kosten
des Stellung) eine wunderschöne Falle zu stellen.} ({objektiv gesehen war} 23.
Bf1 $1 $14 {angebracht, womit die einzige untätige weiße Figur ins Spiel mit
einbezigen wird:} Ndf4 (23... f6 24. Qf2 Bb4 25. Qh4 $1 Bxe1 26. Rxe1 $40) 24.
Qe3 Rxd1 25. Rxd1 Nxh5 (25... Nd5 26. Qf2 b6 27. c4 Ndf4 (27... Nb4 28. Qh4)
28. Qg3 $14) 26. gxh5 f5 27. Ng5 h6 28. Nxe6 Rxe6 29. Qf2 $14) (23. Qh6 $6 {
hingegen funktioniert nicht:} f6 24. Nexf6 (24. Rxd5 gxh6 25. Nexf6 Re7 $19)
24... Nxf6 25. Nxf6 gxf6 26. Bxf6+ Kg8 27. Bxd8 Rxd8 28. Qe3 $15) 23... Ndf4 $2
{Er tut mir den Gefallen! Ich war glücklich, diesen Zug zu sehen, gar nicht so
sehr aus sportlichen, aber aus ästhetischen Gründen :)} (23... Nxg5 $6 24. Qxg5
f6 25. Qh4 {führte zum Ausgleich, aber}) (23... f6 $1 24. Nxe6 Bxe6 {bringt
Weiß auf den Boden der Tatsachen zurück: kein Matt, dafür aber einige
Felderschwächen. Bleibt nur im Trüben zu fischen, aber auch das funktioniert
ohne die Mithilfe des Gegners nicht so richtig:} 25. c4 Nb4 (25... Bb4 26. Qc1
Bxe1 27. cxd5 (27. Rxe1 Nb4 28. Nxf6 Nd3 29. Qh6 gxh6 30. Nxe8+ Kg8 31. Nxc7
Nxe1 32. Nxe6 Rd1 33. Bf1 Nd3 34. Kg2 Nxb2 $19) 27... Bxd5 28. Rxe1 Rxe1+ 29.
Qxe1 Bxb3 30. Bf1 Qd6 $1 $17) 26. Qc3 Bf7 $1 27. Nxf6 Rxe1+ 28. Rxe1 Nd3 29.
Nd5 cxd5 30. Qxd3 dxc4 31. Qc2 Bb4 $19) 24. Qxd8 $3 (24. Bxg7+ $1 {war
vielleicht sogar die genauere Ausführung derselben Idee, aber die folgende
Computervariante war unmöglich am Brett zu berechenen:} Bxg7 (24... Nxg7 25.
Rxe8 Rxe8 26. Nxf4 $16) 25. Qxd8 Rxd8 26. Rxd8+ Nf8 27. Ree8 Nxh5 28. Rxc8 Qb6
29. gxh5 Qf2 30. Nxf7+ (30. Rxf8+ Bxf8 31. Rxf8+ Kg7 32. Rxf7+ Kg8 33. Re7 Qxc2
$13) 30... Kg8 31. Rc7 $1 (31. h6 $6 Kxf7 32. hxg7 Kxg7 33. Rc7+ Kh6 34. Rxb7
Ng6 35. Re6 Qxc2 $11) 31... b5 $1 32. Re4 $1 $16) 24... Rxd8 25. Rxd8 Kg8 $1 (
25... Nxd8 26. Bxg7+ $1 {die Pointe des vierundzwanzigsten Zuges} (26. Re8 $2
Kg8 $19) 26... Kg8 27. Nf6+ Kxg7 28. Ne8+ Kg6 29. Nxc7 Kxg5 (29... Bd6 30. Ne8)
30. Re8 $18) 26. Nxe6 Nxe6 $2 {Der entscheidende Fehler! Was wir beide
übersahen, war die Tatsache, dass Schwarz in der Variante} (26... Bxe6 27.
Rxf8+ Kxf8 28. Bxg7+ Ke7 29. Bf6+ $1 Kf8 30. Be5 {über den Zwischenzug} Nxg2 $1
{verfügt. Zwar kann Weiß auch hier mittels} 31. Kxg2 (31. Bxc7 Nxe1 $11) 31...
Qd8 32. Bg7+ Ke8 (32... Kg8 33. Bc3 h6 34. Re2 b6 35. Rd2 Bd5 36. Nf6+ Kf8 37.
h3 $1 $16) 33. Nf6+ Ke7 34. Ne4 {risikolos Gewinnversuche unternehmen, aber
ich tue mich schwer, die Erfolgsaussichten einzuschätzen}) 27. Re8 $1 $18 {
Jetzt kann sich Schwarz nicht mehr entknoten.} f6 (27... Bd7 28. Bxg7 $3 $18) (
27... Qd7 28. Bxg7 $3 $18) 28. Bf1 $1 {Die letzte Feinheit, "die Leiche"
erwacht zum Leben und macht dem Nachziehenden selbiges schwer.} (28. R1xe6 $2
Bxe6 29. Ba3 (29. Rxe6 Qd7 30. Re1 Qd2 31. Rc1 Bd6 $11) 29... c5 30. Rxe6 Qd7
31. Bf1 Qd1 32. Kg1 Kf7 33. Re3 (33. Rb6 Qxf3 34. Bc4+ Ke8 35. Ng3 Kd7 $11)
33... g6 34. Nf4 Bh6 35. Re4 f5 36. gxf5 gxf5 37. Rc4 Qxf3 $11) (28. Ba3 $2 Kf7
29. Rxf8+ Nxf8 30. Re7+ Qxe7 31. Bxe7 Kxe7 32. Nxg7 b5 $11) 28... b5 (28... Kf7
29. Rxc8 Qxc8 30. Bc4 $18) 29. axb5 cxb5 30. Bxb5 $1 {Das kostete mich noch
etwas Überwindung, aber auch bei knapper Zeit konnte ich feststellen, dass
Schwarz nach...} Qxc2 (30... Qb7 31. Bc4 Qxf3+ 32. Kg1 {...erstaunlicherweise
gar nichs droht} Qxg4+ (32... Kf7 33. Rxc8 $18) 33. Ng3 $18) 31. Bc4 Bd7 32.
R1xe6 1-0

[Event "EU-ch 18th"]
[Site "Minsk"]
[Date "2017.06.09"]
[Round "10"]
[White "Demchenko, Anton"]
[Black "Jobava, Baadur"]
[Result "0-1"]
[WhiteElo "2629"]
[BlackElo "2713"]
[Annotator "Quintiliano,R"]
[PlyCount "84"]
[EventDate "2017.05.30"]
[EventType "swiss"]
[EventRounds "11"]
[EventCountry "BLR"]
[SourceTitle "CBM 179"]
[Source "ChessBase"]
[SourceDate "2017.07.12"]
[SourceVersion "1"]
[SourceVersionDate "2017.07.12"]
[SourceQuality "1"]

1. e4 d6 2. d4 Nf6 3. Nc3 e5 {Jobava keeps avoiding the main theoretical lines,
and this time he chooses the Philidor, which he has been playing with
interesting regularity in the last 3-4 years. I never was a fan of this line,
but I must admit that it's a solid opening, athough Black can stay passive and
a bit cramped for some time} 4. Nf3 Nbd7 5. Bc4 Be7 6. a4 O-O 7. O-O a5 8. Qe2
{Some strong players like this setup with Qe2 and Rd1.} (8. Re1 {is the most
adopted} c6 (8... h6 9. h3 Re8 10. Be3 Bf8 11. Ba2 b6 12. Nh4 $1 {with the
black pawn on h6, transferring the knight for f5 has some good tactical points}
Bb7 13. Nf5 exd4 14. Bxd4 $14 {[%csl Gf5][%cal Ya2g8,Yd4h8];Gopal,G (2544)
-Jobava,B (2672) Dubai op 18th 2016 (3) 1-0 and White has the initiative on
the kingsinde -}) (8... b6 9. b3 Bb7 10. Ba3 Re8 11. h3 exd4 12. Qxd4 Ne5 $1 {
forcing good simplifcations for Black} 13. Nxe5 dxe5 14. Qxd8 Raxd8 15. Bxe7
Rxe7 $11 {Navara,D (2742)-Jobava,B (2665) Baku ol (Men) 42nd 2016 (6.1) 1/2})
9. h3 Re8 10. Ba2 exd4 11. Nxd4 Nc5 12. Qf3 Qb6 13. Bf4 Ne6 $6 {and things go
wrong for Jobava} 14. Nxe6 Bxe6 15. Bxe6 fxe6 16. e5 $1 dxe5 17. Bxe5 $14 {
Kravtsiv,M (2607)-Jobava,B (2696) FIDE World Cup 2013 (1.2) 1-0}) 8... c6 9.
Rd1 Qc7 10. Ba2 exd4 {Jobava faced this position against Najer in the Aeroflot
and tried to hold the centre for some time. Now, he changes his strategy to
give some more space to his pieces.} (10... Nb8 $6 11. h3 Na6 12. Be3 Nd7 13.
Re1 exd4 {Black simply can't avoid this move if he can finish development} 14.
Bxd4 (14. Nxd4 {[%cal Yf2f4]}) 14... Ndc5 15. Bc4 Re8 16. Rad1 h6 17. Nd2 $14 {
Najer,E (2659)-Jobava,B (2701) Moscow Aeroflot op-A 16th 2017 (5) 1-0 White
has an easier position, but soon the game became very complicated -}) 11. Nxd4
Re8 12. Bf4 Ne5 {White has a slight advantage, but this is normal in such
positions, and compared to that game against Najer, Black is developing his
pieces more easily.} 13. h3 Bf8 14. Bg5 Qe7 {This move seemed strange to me
when watching the game, because Black is putting his own queen in the pin, but
actually it is not bad, as is shown in the subsequent play.} 15. f4 {Natural,
gaining the space.} ({To my surprise, this position had been played two times
before this game, and in both White played} 15. Re1 h6 16. Bh4 Ng6 17. Bg3 Qc7
18. Rad1 $14 {Weinzettl,E (2301)-Plat,V (2459) Vsetin op 40th 2015 (3) 1-0
keeping his advantage whithout advance the kingside pawns -}) 15... Ng6 16. f5
Ne5 17. Kh1 b6 {Black has to find another way to develop the c8-bishop.} 18.
Nf3 h6 19. Bh4 g5 $5 {A brave decision, creating new weaknesses in Black's
camp, but otherwise his position would be eternally cramped and passive, so
this seems like an interesting practical attempt.} ({For example} 19... Ba6 20.
Qf2 Rab8 21. Rd2 {[%cal Ya1d1] just increasing the pressure} Nc4 (21... Qc7 22.
Bxf6 gxf6 23. Rad1 Rbd8 24. Qh4 $16) 22. Bxc4 Bxc4 23. Re1 {Black is almost
without aceptable moves, for example} Ba6 (23... Red8 $2 24. e5 dxe5 25. Rxd8
Qxd8 26. Nxe5 $18) 24. e5 $1 dxe5 25. Rxe5 Qb4 26. Bxf6 gxf6 27. Re4 $1 Qxb2
28. Qg3+ Kh8 (28... Kh7 29. Rd7 $18) 29. Rg4 $18 {of course Black has other
ways to defend, but this variation shows how difficult it can be to play such
inferior positions.}) 20. fxg6 Nxg6 21. Qf2 $1 {From here, the queen attacks
b6 and helps to exert pressure in the f-file.} (21. Bxf6 Qxf6 22. Nd4 Ne5 23.
Rf1 Qg5 24. Qf2 $16 {was also possible, keeping a clear advantage.}) 21... Nxh4
22. Nxh4 Bg7 23. Rf1 (23. Rd3 {[%cal Gd3g3,Ga1f1] was very strong, quickly
bringing both rooks to put pressure on the kingside} Be6 {and now White has a
beautiful sequence} 24. Rf1 $1 Bxa2 25. Nf5 $1 Qe5 26. Rg3 Nh5 27. Rxg7+ $1
Nxg7 28. Nxh6+ Kh7 (28... Kh8 29. Nxa2 $40) 29. Ng4 $1 Qg5 30. Nf6+ Kh8 31.
Nxe8 Rxe8 32. Nxa2 Rxe4 33. Nc3 Re7 34. Qxb6 $16) (23. Qxb6 $6 {allows} Nxe4 $1
24. Nxe4 Qxe4 25. Qf2 Be6 $11) 23... Ra7 24. Rae1 $6 {Demchenko prefers to
finish his mobilisation instead of picking up material.} ({But now} 24. Qxb6 {
was good, I'm not sure what Black would have played against this} Qb7 (24...
Rb7 25. Qxc6 Rxb2 26. Nd5 Nxd5 27. Bxd5 Be6 28. Nf5 Bxf5 29. Rxf5 Rf8 30. Raf1
$18) 25. Qf2 $1 {[%csl Ga7] the rook hanging on a7 prevents Qxb2} Nxe4 26. Nxe4
Rxe4 27. Rae1 {and Black just can't avoid White's attack, for example} Rxe1 28.
Qxe1 d5 29. Qe8+ Bf8 30. Ng6 $1 Qb4 31. Nxf8 Qxf8 32. Qxc6 $18) 24... Qd8 {
Black is trying to organise his defences and to keep material even, but his
position is still difficult.} 25. Rd1 $1 Re5 (25... Rae7 26. Qg3 {[%csl Rd6]})
26. Qf4 Qc7 27. Nf3 {Black cannot avoid material losses now.} Rc5 28. Rxd6 $5 {
The position becomes very sharp, as White must sacrifice an exchange to keep
the initiative.} (28. Qxd6 {seems safer} Ba6 29. Qd8+ $1 Kh7 30. Qxc7 Rxc7 31.
Rfe1 $16) 28... Ne8 $1 {The best practical chance, White keeps the advantage,
but the position becomes very unbalanced.} 29. e5 $1 Nxd6 30. exd6 Qd8 31. Nh4
{[%csl Gf7]} Be5 $1 {Jobava is fighting hard and finds the best moves to make
his opponent's task difficult, which is not at all easy in such positions.} ({
For example, the logical} 31... Be6 {leaves White with a better and easy
position} 32. Bxe6 fxe6 33. Ne4 Re5 34. Rf3 {Black is virtually tied here} Rh5
35. Ng6 Rf5 36. Qg4 Rxf3 (36... Raf7 37. Ne7+ Rxe7 38. dxe7 Qxe7 39. Rxf5 exf5
40. Qxf5 Bxb2 41. Qg6+ Bg7 42. Qxc6 $16) 37. gxf3 $1 {despite the material,
White is winning, for example} Kh7 38. Nf4 Qe8 39. Nxe6 Qg6 40. b3 $1 Qxg4 41.
hxg4 Kg8 42. c4 c5 43. Nc7 {[%cal Yc7d5]}) 32. Qf2 $2 {After this move Black
starts to have real chances. White had two promising attacking choices.} (32.
Bxf7+ $5 {seems a good practical choice, although not so easy to calculate} Kg7
33. Qe4 $1 {[%csl Gg6]} Qg5 $1 (33... Qxd6 34. Bb3 Re7 35. Qf3 Qf6 36. Qd1 $3
Qxh4 37. Qd8 $1 {[%csl Rg8]} Kg6 38. Qxc8 $40) 34. d7 $1 {White needs this
move to keep the attack} (34. Bb3 Qg3 35. Nf3 Bxh3 $1 36. gxh3 Qxh3+ 37. Kg1
Qg3+ 38. Kh1 Qh3+ $11) 34... Rxd7 (34... Bxd7 35. Bc4 {[%cal Gf1f7]} Bc8 36.
Bd3 $1 Kg8 37. Nf3 Qg7 38. Bc4+ Kh8 39. Nh4 $1 {and Black is still struggling})
35. Bc4 (35. Be6 Rc7) 35... Bxc3 36. bxc3 Re7 37. Qf3 $1 Rxc4 38. Qf8+ Kh7 39.
Rf7+ Rxf7 40. Qxf7+ Qg7 41. Qxc4 $14) (32. Qxh6 $1 {is probably stronger, but
very difficult} Bxc3 (32... Qxd6 33. Qxd6 Bxd6 34. Ne4 Bf8 35. Nxc5 Bxc5 36.
Bc4 $16) 33. Qg6+ $1 Bg7 (33... Kh8 34. Rxf7 Rxf7 35. Qxf7 {[%cal Rh4g6]} Rg5
36. Ng6+ Rxg6 37. Qxg6 Bd2 38. Bc4 $18 {[%cal Yc4d3] Black has no way to avoid
great material losses soon}) 34. Bxf7+ Kh8 35. Qe4 $1 {[%cal Gh4g6] White is a
rook down now, but coming with a huge attack} Rxf7 (35... Rg5 36. Ng6+ Rxg6 37.
Qxg6 Qh4 38. Bb3 $1 {[%cal Rf1f8]}) 36. Rxf7 Qxd6 37. Ng6+ Kh7 (37... Kg8 38.
Qe8+) 38. Ne7+ Kh8 39. Qh4+ Qh6 40. Qxh6+ Bxh6 41. Nxc8 Rxc2 42. Nxb6 $14)
32... Bxc3 $1 {Eliminating the dangerous knight which could go to e4 joining
in the attack in many lines.} 33. bxc3 Qxd6 34. Bxf7+ Kg7 35. Bb3 Rb7 $3 {
This sort of move becomes very clear when you see it played at the board, but
it's also very difficult during a game! Black's pieces are away from his king
but protecting all important squares around him at the same time! With this
move Black supports b5 to disturb the b3-bishop, and frees the c5-rook which
can be transferred to the kingside now without leaving the b6-pawn hanging.}
36. Qf3 b5 37. Rd1 $2 {For the first time in this game White makes a mistake,
but Jobava is ready to seize this opportunity without giving any chances to
his opponent.} ({Probably both players were in time trouble, and it was
anything but easy to see the correct move} 37. Qe4 bxa4 38. Ba2 {there's an
unusual mutual zugzwang now} (38. Qe8 $2 axb3 39. Qxc8 Rf7 $19) 38... Re7 (
38... Rg5 $2 39. Qe8 $19) 39. Qf3 {[%csl Rf8]} Rc7 40. Qe4 Re5 41. Qf4 Rd5 $1
42. Qf3 $1 Rg5 43. Qe4 Re7 44. Qf3 $11) 37... Qf6 38. Qg3+ Rg5 {Now Black can
mobilise his forces very rapidly, and it's practically all over.} 39. Qe3 bxa4
40. Bxa4 Re7 41. Qg1 $2 Bxh3 42. Rf1 Bf5 {[%cal Gg5h5] This ends a very tense
battle, but Jobava's fighting spirit and practical decisions were very
impressive.} 0-1